000 00248nam a2200109Ia 4500
008 190216s9999||||xx |||||||||||||| ||und||
100 _aIyer R S
245 0 _aBank Clerical Test
260 _bVidyarthimithram
650 _aReferences
942 _cREF
999 _c35855
_d35855